| 000 | 00356nam a22001457a 4500 | ||
|---|---|---|---|
| 003 | OSt | ||
| 005 | 20160727222354.0 | ||
| 008 | 160622b xxu||||| |||| 00| 0 eng d | ||
| 040 | _ctest | ||
| 100 |
_9480 _aHeineman, A, |
||
| 245 | _aConcise Medical Dictionary | ||
| 260 |
_aN.D _bGulab vazirans _c1983 |
||
| 300 | _aConcise Medical Dictionary | ||
| 942 |
_2ddc _cBK |
||
| 999 |
_c400 _d400 |
||